Personality Development (Record no. 21084)
[ view plain ]
| 000 -LEADER | |
|---|---|
| fixed length control field | 00303nam a2200145Ia 4500 |
| 082 ## - DEWEY DECIMAL CLASSIFICATION NUMBER | |
| Classification number | 370.153/BHA |
| 100 ## - MAIN ENTRY--PERSONAL NAME | |
| Personal name | BHATIA/R.C. |
| 245 ## - TITLE STATEMENT | |
| Title | Personality Development |
| 260 ## - PUBLICATION, DISTRIBUTION, ETC. | |
| Name of publisher, distributor, etc. | Ane Books |
| Place of publication, distribution, etc. | New Delhi |
| Date of publication, distribution, etc. | 2010 |
| 366 ## - TRADE AVAILABILITY INFORMATION | |
| Publishers's discount category | 20 |
| 300 ## - PHYSICAL DESCRIPTION | |
| Extent | 251 |
| 546 ## - LANGUAGE NOTE | |
| Language note | ENGLISH |
| 650 ## - SUBJECT ADDED ENTRY--TOPICAL TERM | |
| Topical term or geographic name entry element | Education |
| 942 ## - ADDED ENTRY ELEMENTS (KOHA) | |
| Koha item type | BOOK |
| Withdrawn status | Lost status | Damaged status | Not for loan | Collection | Home library | Current library | Date acquired | Source of acquisition | Cost, normal purchase price | Inventory number | Total Checkouts | Full call number | Barcode | Date last seen | Cost, replacement price | Price effective from | Koha item type |
|---|---|---|---|---|---|---|---|---|---|---|---|---|---|---|---|---|---|
| AFT | Fr. Agnel's C.Rodrigues College of Engineering | Fr. Agnel's C.Rodrigues College of Engineering | 17/03/2023 | ANE BOOKS | 168.00 | ANE/MUM/INS/10-11/236 | 370.153/BHA | AFT8143 | 17/03/2023 | 210.00 | BOOK |